[Event "CZE-chT2b 0607"]
[Site "Czech Republic"]
[Date "2007.02.25"]
[Round "8"]
[White "Mrnka, Jan"]
[Black "Kolar, Jachym"]
[Result "1-0"]
[WhiteElo "2056"]
[BlackElo "2095"]
[PlyCount "111"]
[EventDate "2006.10.15"]
[EventType "team"]
[EventRounds "11"]
[EventCountry "CZE"]
[SourceTitle "EXT 2009"]
[Source "ChessBase"]
[SourceDate "2008.11.26"]
[SourceVersion "1"]
[SourceVersionDate "2008.11.26"]
[SourceQuality "1"]

1. e4 Nf6 2. Nc3 d5 3. e5 Nfd7 4. f4 c5 5. Nxd5 Nxe5 6. Nc3 Ng6 7. Nf3 Nxf4 8. Bb5+ Bd7 9. 0-0 e6 10. d3 Bd6 11. Bxd7+ Nxd7 12. Ne4 Nf6 13. Nfg5 Nxe4 14. Nxe4 Nd5 15. Qg4 Be5 16. Qh5 Qc7 17. Kh1 Nf6 18. Nxf6+ gxf6 19. Be3 0-0-0 20. Rab1 Rhg8 21. b4 Qc6 22. Qf3 Qxf3 23. Rxf3 cxb4 24. Bxa7 Bc3 25. Bc5 Rd5 26. Bxb4 Rb5 27. Rf4 Kd7 28. Rc4 Bd2 29. Rb3 Rf5 30. g3 Be3 31. Rb1 e5 32. Bc5 Bxc5 33. Rxc5 Rb8 34. Kg2 Kd6 35. Rcb5 Kc7 36. Rb6 e4 37. dxe4 Rc5 38. Rxf6 Rxc2+ 39. Kh3 Rf8 40. a3 Rc4 41. Rbf1 Rxe4 42. Rxf7+ Rxf7 43. Rxf7+ Kc6 44. Rxh7 Ra4 45. g4 Rxa3+ 46. Kh4 b5 47. g5 Ra2 48. Kg3 b4 49. Rh8 Ra5 50. Kf4 b3 51. Rc8+ Kd5 52. g6 b2 53. Rb8 Ke6 54. g7 Ra4+ 55. Kg5 Ra5+ 56. Kh6 1-0

[Event "CZE-chT2b 0607"]
[Site "Czech Republic"]
[Date "2007.01.14"]
[Round "6"]
[White "Sochor, Jiri"]
[Black "Kolar, Jachym"]
[Result "1/2-1/2"]
[WhiteElo "2280"]
[BlackElo "2095"]
[PlyCount "96"]
[EventDate "2006.10.15"]
[EventType "team"]
[EventRounds "11"]
[EventCountry "CZE"]
[SourceTitle "EXT 2009"]
[Source "ChessBase"]
[SourceDate "2008.11.26"]
[SourceVersion "1"]
[SourceVersionDate "2008.11.26"]
[SourceQuality "1"]

1. Nf3 Nf6 2. c4 e6 3. g3 d5 4. Bg2 Be7 5. 0-0 0-0 6. cxd5 exd5 7. Qc2 c6 8. a3 Bg4 9. d3 Nbd7 10. b3 Re8 11. Bb2 Bf8 12. Re1 Qb6 13. Nbd2 h6 14. e4 Qc5 15. Qxc5 Bxc5 16. e5 Nh7 17. d4 Bb6 18. h3 Bf5 19. Nh4 Bd3 20. Re3 Ba6 21. f4 g6 22. Kh2 Nhf8 23. b4 Ne6 24. Nb3 Bc4 25. Nc5 Ndxc5 26. bxc5 Bd8 27. f5 Nf8 28. fxg6 fxg6 29. Nf3 b6 30. cxb6 axb6 31. h4 Ne6 32. Bh3 Ra7 33. Nd2 Bb5 34. Rc1 g5 35. Nf3 Rg7 36. Bxe6+ Rxe6 37. hxg5 hxg5 38. g4 Be7 39. Kg3 c5 40. Rh1 Rh7 41. Rxh7 Kxh7 42. Re1 Bd7 43. Ra1 Rc6 44. a4 c4 45. Bc3 Rc8 46. Ne1 Ra8 47. a5 bxa5 48. Rxa5 Rxa5 1/2-1/2

[Event "CZE-chT2b 0607"]
[Site "Czech Republic"]
[Date "2006.11.19"]
[Round "3"]
[White "Kolar, Jachym"]
[Black "Pokorny, Milan"]
[Result "1/2-1/2"]
[WhiteElo "2095"]
[BlackElo "2200"]
[PlyCount "75"]
[EventDate "2006.10.15"]
[EventType "team"]
[EventRounds "11"]
[EventCountry "CZE"]
[SourceTitle "EXT 2009"]
[Source "ChessBase"]
[SourceDate "2008.11.26"]
[SourceVersion "1"]
[SourceVersionDate "2008.11.26"]
[SourceQuality "1"]

1. e4 e6 2. d4 d5 3. Nd2 Nf6 4. e5 Nfd7 5. Bd3 c5 6. c3 Nc6 7. Ngf3 cxd4 8. cxd4 Qb6 9. 0-0 f6 10. exf6 Nxf6 11. Nb3 Bd6 12. Bg5 0-0 13. Re1 a5 14. Re2 a4 15. Nc1 Bd7 16. Bh4 a3 17. bxa3 Rxa3 18. Rb1 Qc7 19. Bg3 Bxg3 20. hxg3 Re8 21. Qc2 Qa5 22. Qb2 Qc3 23. Qb6 Rc8 24. Rc2 Qa5 25. Qb2 Ra4 26. Rc5 Qd8 27. Rb5 Rb8 28. Qb3 Ra5 29. Rxb7 Raa8 30. Rxb8 Rxb8 31. Qc2 Rb4 32. Nb3 Qb8 33. Qc5 Rb6 34. Re1 Nb4 35. Bb1 Rc6 36. Qa5 Ra6 37. Qc5 Rc6 38. Qa5 1/2-1/2

[Event "CZE-chT2b 0607"]
[Site "Czech Republic"]
[Date "2006.11.05"]
[Round "2"]
[White "Most, Zdenek"]
[Black "Kolar, Jachym"]
[Result "1-0"]
[WhiteElo "2150"]
[BlackElo "2095"]
[PlyCount "149"]
[EventDate "2006.10.15"]
[EventType "team"]
[EventRounds "11"]
[EventCountry "CZE"]
[SourceTitle "EXT 2009"]
[Source "ChessBase"]
[SourceDate "2008.11.26"]
[SourceVersion "1"]
[SourceVersionDate "2008.11.26"]
[SourceQuality "1"]

1. d4 Nf6 2. Nf3 g6 3. g3 Bg7 4. Bg2 0-0 5. c4 d5 6. 0-0 dxc4 7. Nc3 Nfd7 8. a4 Nc6 9. a5 e5 10. Bg5 f6 11. Be3 a6 12. Qa4 exd4 13. Qxc4+ Kh8 14. Bxd4 Nxd4 15. Qxd4 Qe7 16. e3 f5 17. Qc4 Ne5 18. Nxe5 Bxe5 19. Qb3 c6 20. Rfd1 Be6 21. Qb6 Rab8 22. Rd2 Qc7 23. Qc5 Rfd8 24. Rad1 Rxd2 25. Rxd2 Kg8 26. Ne2 Kf7 27. h4 Bf6 28. Nf4 Be5 29. Ne2 Bf6 30. Nd4 Bxd4 31. Rxd4 Rd8 32. b4 Rxd4 33. Qxd4 Qd7 34. Qh8 h5 35. Qh7+ Kf6 36. Qxd7 Bxd7 37. Kf1 Ke5 38. Ke2 Kd6 39. Kd3 Be6 40. Kd4 Ba2 41. f3 Be6 42. Bf1 Bf7 43. Be2 Bd5 44. e4 fxe4 45. fxe4 Bf7 46. e5+ Kd7 47. Kc5 Kc7 48. Bf1 Kd7 49. Kb6 Kc8 50. Bd3 Kb8 51. Be4 Kc8 52. Bb1 Kb8 53. Be4 Kc8 54. Kc5 Kc7 55. Bd3 Kd7 56. Kd4 Ke7 57. Ke4 Bb3 58. Kf4 Kf7 59. Kg5 Ke6 60. Bxg6 Kxe5 61. Bxh5 Kd4 62. Bg4 Kc3 63. h5 Kxb4 64. h6 Bg8 65. Be6 Bh7 66. Kf6 c5 67. Bf5 Bxf5 68. Kxf5 c4 69. h7 c3 70. h8Q c2 71. Qb2+ Kxa5 72. g4 b5 73. g5 b4 74. g6 Ka4 75. Ke4 1-0

[Event "Plzen op-A 9th"]
[Site "Plzen"]
[Date "2003.08.22"]
[Round "7"]
[White "Pech, Vaclav"]
[Black "Kolar, Jachym"]
[Result "1/2-1/2"]
[WhiteElo "2171"]
[BlackElo "2063"]
[PlyCount "31"]
[EventDate "2003.08.16"]
[EventType "swiss"]
[EventRounds "9"]
[EventCountry "CZE"]
[SourceTitle "CBM 095 Extra"]
[Source "ChessBase"]
[SourceDate "2003.09.04"]
[SourceVersion "1"]
[SourceVersionDate "2003.09.04"]
[SourceQuality "1"]

1. e4 d5 2. exd5 Nf6 3. Bb5+ Bd7 4. Be2 Nxd5 5. Nf3 Bg4 6. d4 e6 7. 0-0 Nc6 8. a3 Be7 9. c4 Nb6 10. Nc3 Bxf3 11. Bxf3 Nxc4 12. Bxc6+ bxc6 13. Qa4 Nb6 14. Qxc6+ Qd7 15. Qxd7+ Kxd7 16. Bf4 1/2-1/2

[Event "IECG TG-2003-0-14799"]
[Site "IECG email"]
[Date "2003.03.03"]
[Round "2"]
[White "Kolar, Jachym"]
[Black "Lopez Martin, Hector Eduardo"]
[Result "1-0"]
[WhiteElo "1959"]
[BlackElo "1980"]
[PlyCount "33"]
[EventDate "2003.03.03"]
[EventType "tourn (corr)"]
[EventRounds "6"]
[SourceTitle "Corr 2024"]
[Source "ChessBase"]
[SourceDate "2023.10.19"]
[SourceVersion "1"]
[SourceVersionDate "2023.10.19"]
[SourceQuality "1"]

1. e4 e6 2. d4 d5 3. Nc3 Bb4 4. e5 c5 5. a3 Bxc3+ 6. bxc3 Ne7 7. Qg4 Qc7 8. Qxg7 Rg8 9. Qxh7 cxd4 10. Ne2 Nbc6 11. f4 Bd7 12. Qd3 0-0-0 13. cxd4 Kb8 14. Bd2 Rc8 15. Rb1 Na5 16. Bb4 Ng6 17. Bd6 1-0

[Event "IECG TG-2003-0-14799"]
[Site "IECG email"]
[Date "2003.03.03"]
[Round "1"]
[White "Lopez Martin, Hector Eduardo"]
[Black "Kolar, Jachym"]
[Result "0-1"]
[WhiteElo "1980"]
[BlackElo "1959"]
[PlyCount "34"]
[EventDate "2003.03.03"]
[EventType "tourn (corr)"]
[EventRounds "6"]
[SourceTitle "Corr 2024"]
[Source "ChessBase"]
[SourceDate "2023.10.19"]
[SourceVersion "1"]
[SourceVersionDate "2023.10.19"]
[SourceQuality "1"]

1. e4 e5 2. Nf3 Nc6 3. Bb5 a6 4. Ba4 Nf6 5. 0-0 Be7 6. Re1 b5 7. Bb3 d6 8. c3 0-0 9. h3 Na5 10. Bc2 c5 11. d4 cxd4 12. cxd4 exd4 13. Nxd4 Re8 14. f3 d5 15. a3 dxe4 16. Bxe4 Nxe4 17. Rxe4 Bc5 0-1

[Event "IECG CB.2002.0.00058 email"]
[Site "IECG email"]
[Date "2002.10.13"]
[Round "?"]
[White "Kolar, Jachym"]
[Black "Sherwood, Russell"]
[Result "1-0"]
[WhiteElo "1901"]
[BlackElo "1822"]
[PlyCount "81"]
[EventDate "2002.10.13"]
[EventType "tourn (corr)"]
[EventRounds "6"]
[SourceTitle "Corr 2008"]
[Source "ChessBase"]
[SourceDate "2008.06.24"]
[SourceVersion "1"]
[SourceVersionDate "2008.06.24"]
[SourceQuality "1"]

1. Nf3 d5 2. c4 e6 3. d4 Nf6 4. Nc3 c6 5. e3 Nbd7 6. Qc2 Bd6 7. Bd3 0-0 8. 0-0 dxc4 9. Bxc4 b5 10. Bd3 Bb7 11. e4 e5 12. dxe5 Nxe5 13. Nxe5 Bxe5 14. h3 Re8 15. Be3 Qe7 16. Ne2 Bc7 17. Nd4 Nxe4 18. Rfd1 Qe5 19. Nf3 Qe7 20. Bxe4 Qxe4 21. Qxe4 Rxe4 22. Rd7 Rc8 23. Bxa7 Re2 24. Rad1 h6 25. Nd4 Ree8 26. Bc5 g6 27. b4 Ba8 28. g3 Red8 29. Nf3 Kg7 30. h4 Rxd7 31. Rxd7 Bb8 32. Nh2 Be5 33. Ng4 Bc3 34. f4 g5 35. h5 Re8 36. Ra7 Bb2 37. Kf2 gxf4 38. gxf4 Bf6 39. Ne5 Bxe5 40. fxe5 Kg8 41. Kg3 1-0

[Event "IECG CB.2002.0.00058 email"]
[Site "IECG email"]
[Date "2002.10.13"]
[Round "1"]
[White "Sanfrutos Lopez, Francisco Javier"]
[Black "Kolar, Jachym"]
[Result "1/2-1/2"]
[WhiteElo "1850"]
[BlackElo "1901"]
[PlyCount "68"]
[EventDate "2002.10.13"]
[EventType "tourn (corr)"]
[EventRounds "6"]
[SourceTitle "Corr 2024"]
[Source "ChessBase"]
[SourceDate "2023.10.19"]
[SourceVersion "1"]
[SourceVersionDate "2023.10.19"]
[SourceQuality "1"]

1. e4 d5 2. exd5 Nf6 3. d4 Nxd5 4. c4 Nb6 5. Nf3 Bg4 6. c5 N6d7 7. Bc4 e6 8. h3 Bxf3 9. Qxf3 Nc6 10. Be3 Qf6 11. Qxf6 Nxf6 12. Nd2 0-0-0 13. Nf3 Nd5 14. Ng5 Rd7 15. Bb5 Be7 16. Bxc6 bxc6 17. Nf3 Bf6 18. 0-0-0 h6 19. h4 g6 20. Kc2 Bg7 21. a3 Rhd8 22. b4 f6 23. Bc1 Re7 24. Rhe1 Rde8 25. Bb2 a6 26. g3 g5 27. h5 Kd7 28. Bc3 Rf7 29. Nd2 Rfe7 30. Nc4 Rd8 31. Re2 f5 32. Rde1 Rf8 33. Ne3 Rff7 34. Nc4 Rf8 1/2-1/2

[Event "Nachod op 8th"]
[Site "Nachod"]
[Date "2002.??.??"]
[Round "8"]
[White "Kolar, Jachym"]
[Black "Kubat, Pavel"]
[Result "1-0"]
[WhiteElo "2070"]
[BlackElo "1895"]
[PlyCount "35"]
[EventDate "2002.??.??"]
[EventType "swiss"]
[EventRounds "9"]
[EventCountry "CZE"]
[SourceTitle "EXT 2007"]
[Source "ChessBase"]
[SourceDate "2006.11.23"]
[SourceVersion "1"]
[SourceVersionDate "2006.11.23"]
[SourceQuality "1"]

1. e4 c5 2. Nf3 d6 3. c3 Nf6 4. Be2 Nxe4 5. Qa4+ Bd7 6. Qxe4 Bc6 7. Qh4 h6 8. d4 Nd7 9. 0-0 Nf6 10. dxc5 dxc5 11. Be3 e6 12. Na3 Be7 13. Qg3 g5 14. Bb5 Bd6 15. Bxc6+ bxc6 16. Ne5 Ne4 17. Qf3 f5 18. Qh5+ 1-0

[Event "Nachod op 8th"]
[Site "Nachod"]
[Date "2002.??.??"]
[Round "5"]
[White "Wright, Neil"]
[Black "Kolar, Jachym"]
[Result "1-0"]
[WhiteElo "2155"]
[BlackElo "2070"]
[PlyCount "49"]
[EventDate "2002.??.??"]
[EventType "swiss"]
[EventRounds "9"]
[EventCountry "CZE"]
[SourceTitle "EXT 2007"]
[Source "ChessBase"]
[SourceDate "2006.11.23"]
[SourceVersion "1"]
[SourceVersionDate "2006.11.23"]
[SourceQuality "1"]

1. d4 Nf6 2. c4 e6 3. Nf3 d5 4. cxd5 exd5 5. Nc3 c6 6. Bg5 Be7 7. e3 Nbd7 8. Bd3 Nf8 9. Qc2 Ne6 10. Bh4 g6 11. 0-0 0-0 12. Rab1 Ng7 13. b4 a6 14. a4 Bf5 15. b5 axb5 16. axb5 Bxd3 17. Qxd3 Nf5 18. Bg5 Ne4 19. Bxe7 Qxe7 20. bxc6 bxc6 21. Ne5 Ra3 22. Rfc1 Rc8 23. Nxd5 Qxe5 24. Qxe4 Qd6 25. Nb6 1-0

[Event "Plzen op-A U18"]
[Site "Plzen"]
[Date "1999.??.??"]
[Round "?"]
[White "Kolar, Jachym"]
[Black "Hejkrlik, Filip"]
[Result "1/2-1/2"]
[WhiteElo "2085"]
[BlackElo "2003"]
[PlyCount "25"]
[EventDate "1999.??.??"]
[EventType "swiss"]
[EventRounds "9"]
[EventCountry "CZE"]
[SourceTitle "EXT 2000"]
[Source "ChessBase"]
[SourceDate "1999.11.16"]
[SourceVersion "1"]
[SourceVersionDate "1999.11.16"]
[SourceQuality "1"]

1. d4 d5 2. c4 e6 3. Nc3 Nf6 4. cxd5 exd5 5. Bg5 c6 6. e3 Bd6 7. Bd3 Nbd7 8. Nf3 0-0 9. 0-0 Re8 10. Qc2 Nf8 11. Rab1 Ng6 12. b4 Bc7 13. b5 1/2-1/2

[Event "Plzen op-A U18"]
[Site "Plzen"]
[Date "1999.??.??"]
[Round "?"]
[White "Kolar, Jachym"]
[Black "Houska, Jovanka"]
[Result "1-0"]
[WhiteElo "2085"]
[BlackElo "2286"]
[PlyCount "103"]
[EventDate "1999.??.??"]
[EventType "swiss"]
[EventRounds "9"]
[EventCountry "CZE"]
[SourceTitle "EXT 2000"]
[Source "ChessBase"]
[SourceDate "1999.11.16"]
[SourceVersion "1"]
[SourceVersionDate "1999.11.16"]
[SourceQuality "1"]

1. d4 e6 2. c4 f5 3. Nc3 Nf6 4. g3 d5 5. Bg2 c6 6. Nh3 Bd6 7. 0-0 0-0 8. b3 Qe8 9. Bf4 Bxf4 10. Nxf4 g5 11. Nd3 Nbd7 12. f3 dxc4 13. bxc4 e5 14. d5 cxd5 15. Nxd5 Nxd5 16. cxd5 f4 17. e4 b6 18. Qa4 Nb8 19. Qxe8 Rxe8 20. Rfc1 Nd7 21. Bh3 Nc5 22. Nxc5 bxc5 23. Bf1 Bd7 24. Rxc5 Rec8 25. Rac1 Kf8 26. Bb5 Rxc5 27. Rxc5 Bxb5 28. Rxb5 Rc8 29. d6 fxg3 30. hxg3 Rd8 31. Rxe5 Rxd6 32. Rf5+ Ke8 33. Ra5 a6 34. Rxg5 Rd1+ 35. Kf2 Rd2+ 36. Ke3 Rxa2 37. Rh5 a5 38. Rxh7 a4 39. Ra7 a3 40. g4 Ra1 41. Kf4 a2 42. g5 Kf8 43. e5 Kg8 44. e6 Re1 45. Rxa2 Rxe6 46. Kf5 Rb6 47. Ra7 Rb5+ 48. Kg4 Rb4+ 49. f4 Rc4 50. g6 Rc5 51. f5 Rb5 52. f6 1-0

[Event "Plzen op-A U18"]
[Site "Plzen"]
[Date "1998.??.??"]
[Round "2"]
[White "Dvorak, Tomas"]
[Black "Kolar, Jachym"]
[Result "0-1"]
[WhiteElo "2110"]
[BlackElo "2085"]
[PlyCount "104"]
[EventDate "1998.08.??"]
[EventType "swiss"]
[EventRounds "9"]
[EventCountry "CZE"]
[SourceTitle "EXT 1999"]
[Source "ChessBase"]
[SourceDate "1998.11.16"]
[SourceVersion "1"]
[SourceVersionDate "1998.11.16"]
[SourceQuality "1"]

1. e4 Nf6 2. e5 Nd5 3. d4 d6 4. c4 Nb6 5. exd6 exd6 6. Be3 Be7 7. Nf3 Bg4 8. Nbd2 Nc6 9. Be2 0-0 10. 0-0 Re8 11. Bd3 Bf6 12. Qb1 g6 13. h3 Bxf3 14. Nxf3 d5 15. c5 Nc4 16. Bxc4 dxc4 17. Qc2 Qd5 18. Rac1 Rad8 19. Qxc4 Nxd4 20. Nxd4 Bxd4 21. Bxd4 Qxd4 22. Qb3 Qd5 23. Qa4 Re2 24. Rcd1 Rd2 25. Rxd2 Qxd2 26. b3 a5 27. Qe4 Qd5 28. Qe7 Qd7 29. Qf6 Qd4 30. Qf3 c6 31. Rc1 Rd5 32. Qc3 Qxc3 33. Rxc3 Rd1+ 34. Kh2 Rd2 35. a3 Rxf2 36. b4 axb4 37. axb4 Rb2 38. Rc4 Kf8 39. Re4 f5 40. Rd4 Ke7 41. Kg3 g5 42. h4 Rb3+ 43. Kf2 Rb2+ 44. Kf3 g4+ 45. Kf4 Rxg2 46. Kxf5 g3 47. Rg4 Rf2+ 48. Kg5 g2 49. Kh6 Rf4 50. Rg7+ Ke6 51. h5 Rf6+ 52. Kxh7 Rf7 0-1

[Event "Plzen op-A U18"]
[Site "Plzen"]
[Date "1998.??.??"]
[Round "5"]
[White "Kolar, Jachym"]
[Black "Decka, Eliska"]
[Result "1/2-1/2"]
[WhiteElo "2085"]
[BlackElo "2100"]
[PlyCount "106"]
[EventDate "1998.08.??"]
[EventType "swiss"]
[EventRounds "9"]
[EventCountry "CZE"]
[SourceTitle "EXT 1999"]
[Source "ChessBase"]
[SourceDate "1998.11.16"]
[SourceVersion "1"]
[SourceVersionDate "1998.11.16"]
[SourceQuality "1"]

1. e4 c5 2. Nc3 e6 3. Nge2 Nc6 4. d4 cxd4 5. Nxd4 d6 6. Be3 a6 7. Bc4 Qc7 8. Bb3 Nf6 9. Qe2 b5 10. Nxc6 Qxc6 11. Bd4 e5 12. Nd5 Be6 13. Nxf6+ gxf6 14. Bxe6 fxe6 15. Bc3 0-0-0 16. a4 bxa4 17. 0-0 d5 18. exd5 exd5 19. Qg4+ Kb7 20. Ba5 Rd7 21. Qxa4 Qxa4 22. Rxa4 Bc5 23. Rfa1 Rc8 24. Bd2 Rd6 25. Kf1 Ba7 26. c3 d4 27. f4 e4 28. Rb4+ Bb6 29. cxd4 Rxd4 30. Rxd4 Bxd4 31. Ra4 Rd8 32. Ke2 Rd5 33. Rb4+ Kc6 34. f5 a5 35. Ra4 Bxb2 36. Rxa5 Rxa5 37. Bxa5 Kd5 38. g4 Be5 39. Bd8 Kd6 40. Ke3 Kd5 41. h4 Bd4+ 42. Ke2 h6 43. Ba5 Bc5 44. Bc3 Be7 45. Bd2 Bf8 46. Bf4 Kc4 47. Bc7 Kd5 48. Bf4 Kc4 49. Ke3 Kd5 50. Kd2 Kc4 51. Be3 Kd5 52. Ke2 Kc4 53. Bc1 Kd5 1/2-1/2

[Event "CZE Czechia-ch"]
[Site "Prague"]
[Date "1995.??.??"]
[Round "?"]
[White "Kolar, Jachym"]
[Black "Kubikova, Hana"]
[Result "0-1"]
[WhiteElo "2085"]
[BlackElo "2145"]
[PlyCount "78"]
[EventDate "1995.??.??"]
[EventType "swiss"]
[EventRounds "9"]
[EventCountry "CZE"]
[SourceTitle "EXT 1997"]
[Source "ChessBase"]
[SourceDate "1996.11.15"]
[SourceVersion "1"]
[SourceVersionDate "1996.11.15"]
[SourceQuality "1"]

1. d4 Nf6 2. c4 g6 3. Nc3 Bg7 4. e4 d6 5. Nf3 0-0 6. Be2 Bg4 7. 0-0 Nfd7 8. Be3 c5 9. d5 Na6 10. Ne1 Bxe2 11. Qxe2 Nc7 12. f4 a6 13. Nf3 b5 14. Rf2 Nf6 15. Nd2 bxc4 16. Nxc4 Nb5 17. Nxb5 axb5 18. Nd2 Qd7 19. h3 Ra4 20. Qf3 Rfa8 21. e5 Ne8 22. Ne4 Rxa2 23. Rxa2 Rxa2 24. Ng5 Qf5 25. Ne4 Ra4 26. Nc3 Ra1+ 27. Kh2 Nc7 28. g4 Qd3 29. Kg2 b4 30. Rd2 Qc4 31. Ne4 Nb5 32. f5 Bxe5 33. fxg6 hxg6 34. Rf2 f6 35. Bg5 Nd4 36. Qe3 Qxd5 37. Bh4 Ne6 38. Qf3 Nf4+ 39. Kh2 Ne2+ 0-1

[Event "CZE Czechia-ch"]
[Site "Prague"]
[Date "1995.??.??"]
[Round "?"]
[White "Koper, Stefan"]
[Black "Kolar, Jachym"]
[Result "1-0"]
[WhiteElo "2015"]
[BlackElo "2085"]
[PlyCount "79"]
[EventDate "1995.??.??"]
[EventType "swiss"]
[EventRounds "9"]
[EventCountry "CZE"]
[SourceTitle "EXT 1997"]
[Source "ChessBase"]
[SourceDate "1996.11.15"]
[SourceVersion "1"]
[SourceVersionDate "1996.11.15"]
[SourceQuality "1"]

1. d4 Nf6 2. c4 g6 3. Nc3 Bg7 4. e4 d6 5. Be2 0-0 6. Nf3 e5 7. 0-0 Nc6 8. d5 Ne7 9. Ne1 Ne8 10. f4 f5 11. fxe5 dxe5 12. Bg5 h6 13. Bh4 Bf6 14. Bxf6 Nxf6 15. Nd3 fxe4 16. Nc5 Nf5 17. Qd2 Kh7 18. N5xe4 a6 19. Nxf6+ Rxf6 20. Ne4 Rf8 21. g4 Nd4 22. Rxf8 Qxf8 23. Rf1 Qe7 24. c5 Kg7 25. d6 cxd6 26. cxd6 Nxe2+ 27. Qxe2 Qe6 28. h3 Qxa2 29. Qf3 Be6 30. Qf6+ Kh7 31. Qe7+ Kh8 32. Rf8+ Rxf8 33. Qxf8+ Bg8 34. Qxh6+ Bh7 35. Qf8+ Bg8 36. Qf6+ Kh7 37. Qh4+ Kg7 38. Qe7+ Bf7 39. Qxe5+ Kh6 40. Qh8# 1-0